Statistiques concernant Cliquer pour Traduire (Version française)

Cliquez ici pour prendre le quiz!

Statistiques générales

  • Ce quiz a été pris 34 fois
  • Le résultat moyen est 5 sur 20

Statistiques - réponses

HintRéponse% Correct
DimancheDomhnach
80%
CaféCaife
70%
ThéTae
70%
La FranceAn Fhrainc
60%
VoitureCarr
50%
LivreLeabhar
30%
MèreMáthair
30%
TomateTráta
30%
BonjourDia duit
20%
TéléphoneFón
20%
OrdinateurRíomhaire
20%
AmiCara
10%
MusiqueCeol
10%
BonMaith
10%
HeureuxSásta
10%
SandwichCeapaire
0%
MotFocal
0%
BleuGorm
0%
Au revoirSlán
0%
MontreUaireadóir
0%

Distribution des résultats

Percentile par nombre de réponses

% des personnes avec chaque résultat

Votre développement - résultats

Vous n’avez pas pris ce quiz